Vista normal
Vista MARC
Entrada Materia (personas)
Número de registros utilizados en: 1
001 - CONTROL NUMBER
- control field: 62621
003 - CONTROL NUMBER IDENTIFIER
- control field: Co-BoUCM
005 - DATE AND TIME OF LATEST TRANSACTION
- control field: 20140702090124.0
008 - FIXED-LENGTH DATA ELEMENTS
- fixed length control field: 140702|| aca||aabn | a|a d
040 ## - CATALOGING SOURCE
- Original cataloging agency: Co-BoUCM
- Transcribing agency: Co-BoUCM
100 ## - HEADING--PERSONAL NAME
- Personal name: Ciarlini, Giambattista,
- Dates associated with a name: m. 1650
670 ## - SOURCE DATA FOUND
- Source citation: Work cat.: (Co-BoUCM)72427: Ciarlini, Giambattista, m. 1650, Controversiarum forensium iudiciorum R. P. D. Io: Baptistae Ciarlinii... Ac ... Pauli Coccapani ... , [fecha desconocida]